| 000 | 01271cam a2200385 a 4500 | ||
|---|---|---|---|
| 001 | 4033 | ||
| 003 | FISKH | ||
| 005 | 20240531155017.0 | ||
| 008 | 901227s1991 nyua j 000 1 eng | ||
| 010 | _a 90028666 | ||
| 020 | _a0823408930 : | ||
| 020 | _a0590459821 | ||
| 040 |
_aDLC _cDLC _dDLC _beng |
||
| 042 | _alcac | ||
| 050 | 0 | 0 |
_aPZ8.3.M551155 _bDan 1991 |
| 082 | 0 | 0 |
_a305.89 _220 |
| 100 | 1 |
_aMedearis, Angela Shelf, _d1956- |
|
| 245 | 1 | 0 |
_aDancing with the Indians / _cby Angela Shelf Medearis ; illustrated by Samuel Byrd. |
| 250 | _aFirst Scholastic printing, November 1992 | ||
| 260 |
_aNew York : _bScholastic, _c1991. |
||
| 300 |
_a28 unnumbered pages : _bcolor illustrations ; _c21 × 25 cm |
||
| 505 | _aO | ||
| 520 | _aWhile attending a Seminole Indian celebration, a black family watches and joins in several exciting dances. | ||
| 521 | 8 |
_a600
_bLexile |
|
| 521 | 8 |
_aO
_bRaz-Plus |
|
| 650 | 1 |
_aDance _vFiction. |
|
| 650 | 1 |
_aSeminole Indians _vFiction. |
|
| 650 | 1 |
_aIndians of North America _vFiction. |
|
| 650 | 1 |
_aAfrican Americans _vFiction. |
|
| 650 | 1 | _aStories in rhyme. | |
| 700 | 1 |
_aByrd, Samuel, _eillustrator |
|
| 906 |
_a7 _bcbc _corignew _d1 _eocip _f19 _gy-gencatlg |
||
| 942 |
_2ddc _cBK _n0 |
||
| 999 |
_c4033 _d4033 |
||